| 000 | 00874nam a2200229Ia 4500 | ||
|---|---|---|---|
| 005 | 20250108124849.0 | ||
| 008 | 008 250107s9999 xx 000 0 hin d | ||
| 020 | _a978-93-87922-56-3 | ||
| 037 | _aTB | ||
| 040 |
_aCRL _bhin _cCRL |
||
| 041 |
_ahin _2hin |
||
| 084 | _aO152,1:g J9;Q0 | ||
| 084 | _qCRL | ||
| 100 |
_aमुक्तिबोध, गजानन माधव, ले. _9160597 |
||
| 245 | 0 |
_aकामायनी: एक पुनर्विचार _cमुक्तिबोध, गजानन माधव, ले. |
|
| 260 |
_aनई दिल्ली, भारत _bराजकमल प्रकाशन _c2481 |
||
| 300 | _a179पृ0 | ||
| 365 |
_aINR _b200 |
||
| 650 |
_aहिन्दी कविताहिन्दी साहित्य _9729733 |
||
| 942 |
_cTB _hO152,1:g J9;Q0 |
||
| 999 |
_c1234869 _d1234869 |
||